| Поле | Инд. | ПП | Название | Значение |
|---|---|---|---|---|
| Тип записи | a | |||
| Библиографический уровень | m | |||
| 001 | Контрольный номер | 63e69ce925084449b4f8428ea43fe1e3 | ||
| 005 | Дата корректировки | 20260403093813.0 | ||
| 020 | a | ISBN | 978-985-543-829-9 | |
| c | Цена, тираж | б. ц. | ||
| 040 | b | Код языка каталог. | rus | |
| e | Правила каталог. | PSBO | ||
| 041 | 0_ | a | Код языка текста | rus |
| 080 | a | Индекс УДК | 004.021 | |
| 080 | a | Индекс УДК | 004.42(076.5) | |
| 084 | a | Индекс другой классификации/Индекс ББК | 32.973я73 | |
| 090 | a | Полочн. индекс | 681.3 | |
| x | Авторский знак | К43 | ||
| 097 | b | Оператор | 03 | |
| 100 | 1_ | a | Автор | Кириенко Н. А. |
| 245 | 10 | a | Заглавие | Основы алгоритмизации и программирования. Лабораторный практикум |
| n | Номер части/ раздела | Ч. 2 | ||
| p | Название части/ раздела | Реализация алгоритмов на языке Си в интегрированной среде разработки Visual Studio | ||
| b | Продолж. заглавия | пособие : в 2 ч. | ||
| 260 | a | Место издания | Минск | |
| b | Издательство | БГУИР | ||
| c | Дата издания | 2026 | ||
| 300 | a | Объем | 109 с. | |
| b | Иллюстрации/ тип воспроизводства | ил. | ||
| 336 | a | Термин вида содержания | Текст | |
| 337 | a | Термин типа средства | непосредственный | |
| 440 | _0 | a | Серия | Кафедра экономической информатики |
| 510 | 0_ | a | Примечание о ссылках | Книги и методические пособия |
| 650 | 04 | a | Основная рубрика | 50.41 Программное обеспечение вычислительных машин, комплексов и сетей |
| x | Основная подрубрика | 50.41.17 Системное программное обеспечение | ||
| 653 | 0_ | a | Ключевые слова | алгоритмизация; СИ; Visual Studio; бинарные деревья; графы; хеширование; C; языки программирования |
| 700 | 12 | a | Другие авторы | Петрович Ю. Ю. |
| 700 | 12 | a | Другие авторы | Ефремов А. А. |
| 901 | t | Тип документа | m |